| 000 | 01329cam a2200301 4500 | ||
|---|---|---|---|
| 008 | #DATE n2001 000 0 eng u | ||
| 020 | _a0922154708 | ||
| 035 | _a(Sirsi) u116917 | ||
| 041 | _aeng | ||
| 050 | _a333.3320973 | ||
| 100 | _aRushmore, S. | ||
| 245 | _aHotels & motels: valuations and market studies | ||
| 250 | _a3rd ed. | ||
| 260 |
_aChicago _bAppraisal Institute _c2001 |
||
| 300 |
_axiv,370p. _c26cm. |
||
| 350 | _a39.95 | ||
| 520 | _aAn American text which presents readers with a systematic approach to completing hotel market studies, financial forecasts, investment analyses and valuations. Explores the economic cycles responsible for changes in the macro supply and demand for lodging facilities, new developments in lodging facilities, current travel patterns and modes of transportation and the changing preferences of hotel patrons. On a micro level, includes guidance on evaluating a hotel's site and locational characteristics, quantifying lodging demand, and estimating market value. | ||
| 650 |
_aValuation _96273 |
||
| 650 | _aHOTELS | ||
| 650 | _aMOTELS | ||
| 650 | _aMARKET SURVEYS | ||
| 650 | _aFINANCIAL FORECASTS | ||
| 650 | _aINVESTMENT APPRAISAL | ||
| 650 | _aUNITED STATES | ||
| 690 | _aPROPERTY-PROPERTY APPRAISAL AND VALUATION | ||
| 700 | _aBaum, E. | ||
| 942 | _n0 | ||
| 999 |
_c101910 _d101910 |
||